| 000 | 00426nam a2200169Ia 4500 | ||
|---|---|---|---|
| 008 | 221030s9999 xx 000 0 und d | ||
| 020 | _a8129702460 | ||
| 041 | _aEnglish | ||
| 082 |
_a105.23 _bBor |
||
| 100 | _aA. Borem | ||
| 245 | 0 |
_aUnderstanding Biotechnology _cby A. Borem, F. R. Santos |
|
| 260 |
_bPearson Education _aNew Delhi _c2005 |
||
| 300 | _a216 | ||
| 650 | _aBE Computer | ||
| 700 | _aF. R. Santos | ||
| 942 | _cBK | ||
| 999 |
_c497 _d497 |
||